000
00280nam a2200133Ia 4500
100
_a
Levin/R.I
942
_c
BK
654
_a
Management
245
_a
Quantitative Approaches to management
260
_b
McGraw Hill
_c
1971
082
_a
658
300
_a
461
546
_a
ENGLISH
999
_c
22743
_d
22743